Capital rules (Record no. 123713)

MARC details
000 -LEADER
fixed length control field 00507nam a2200193Ia 4500
008 - FIXED-LENGTH DATA ELEMENTS--GENERAL INFORMATION
fixed length control field 191130s2008##################000#0#eng##
020 ## - INTERNATIONAL STANDARD BOOK NUMBER
ISBN 9788130907727
082 ## - DEWEY DECIMAL CLASSIFICATION NUMBER
Classification number 332.042 ABD
100 ## - MAIN ENTRY--AUTHOR NAME
Personal name Abdelal, Rawi
245 ## - TITLE STATEMENT
Title Capital rules
Statement of responsibility, etc Rawi Abdelal
250 ## - EDITION STATEMENT
Edition statement 1st ed
260 ## - PUBLICATION, DISTRIBUTION, ETC. (IMPRINT)
Place of publication Cambridge, MA
Name of publisher Harvard University Press
Year of publication 2008
300 ## - PHYSICAL DESCRIPTION
Number of Pages xi, 304 p ; 23 cm
650 ## - SUBJECT ADDED ENTRY--TOPICAL TERM
Topical Term Economics
991 ## -
-- 148968
Holdings
Withdrawn status Lost status Damaged status Not for loan Home library Current library Shelving location Date acquired Full call number Accession Number Price effective from Koha item type
        Anna Centenary Library Anna Centenary Library 4TH FLOOR, A WING 12.10.2020 332.042 ABD 311855 12.10.2020 English Books

Find us on the map